000 00472cam a2200193ua 4500
001 893
008 110421n ii |||gr||||Z||||||eng
020 _a0-86131-359-3
040 _cMAIN
082 _a320.954
245 1 _aPolitics in India.
_cBy Rajni Kothari.
250 _a1st.
260 _aNew Delhi.:
_bOrient longman.,986.
300 _a461 p.:
_c20 cm.
653 _aPolitical science.
653 _aPolitics in India.
700 _aKothari, Ranji.,
942 _cBK
999 _c816
_d816